[Event "Yerevan Asrian Memorial 10th"]
[Site "Yerevan"]
[Date "2017.06.24"]
[Round "4"]
[White "Hakobyan, Yurik L"]
[Black "Daneshvar, Bardiya"]
[Result "0-1"]
[WhiteElo "1524"]
[BlackElo "2140"]
[PlyCount "152"]
[EventDate "2017.06.21"]
[EventType "swiss"]
[EventRounds "9"]
[EventCountry "ARM"]
[SourceTitle "EXT 2018"]
[Source "ChessBase"]
[SourceDate "2017.10.13"]
[SourceVersion "1"]
[SourceVersionDate "2017.10.13"]
[SourceQuality "1"]

1. e4 c6 2. c4 d5 3. cxd5 cxd5 4. exd5 Nf6 5. Nc3 Nxd5 6. Bb5+ Bd7 7. Bc4 Nb6 8. Bb3 Bc6 9. Nf3 e6 10. d3 N8d7 11. 0-0 Bd6 12. Re1 0-0 13. Ne4 Be7 14. Bc2 Nd5 15. Bg5 h6 16. Bxe7 Qxe7 17. Nd4 Ne5 18. Ng3 Ng6 19. Nxc6 bxc6 20. a3 Ngf4 21. d4 Rfb8 22. Rb1 Rb6 23. Qf3 Qf6 24. Qe4 Ng6 25. Qg4 Qf4 26. Qd1 Nf8 27. Re4 Qb8 28. Qc1 Nf6 29. Rf4 Qd8 30. Ne4 Nh5 31. Rf3 f5 32. Ng3 Nf6 33. Bb3 Rab8 34. Ba2 Nd5 35. Ne2 Kh7 36. Nc3 Qf6 37. Na4 Rb5 38. Nc3 R5b7 39. Bxd5 exd5 40. Qd2 Ne6 41. Ne2 Ng5 42. Rd3 Ne4 43. Qc2 c5 44. f3 c4 45. Re3 Qg5 46. f4 Qg4 47. h3 Qh4 48. Rf3 Rb3 49. Nc3 Qf6 50. Nxe4 fxe4 51. Rxb3 Rxb3 52. Qf2 Rd3 53. Kh1 e3 54. Qf3 Qxd4 55. f5 Qe4 56. Re1 d4 57. Qg4 Rd2 58. Qg6+ Kh8 59. Qe6 Qxe6 60. fxe6 Kg8 61. Rf1 Rf2 62. Rc1 e2 63. Kg1 Rf6 64. g4 Rxe6 65. Kf2 d3 66. Ke1 Rb6 67. Rxc4 Rxb2 68. Re4 Rb1+ 69. Kd2 Rd1+ 70. Kc3 e1Q+ 71. Rxe1 Rxe1 72. Kxd3 Rh1 73. a4 Rxh3+ 74. Kc4 Rg3 75. a5 Rxg4+ 76. Kb5 Rg6 0-1

[Event "Yerevan Asrian Memorial 10th"]
[Site "Yerevan"]
[Date "2017.06.21"]
[Round "1"]
[White "Mirzoyan, David"]
[Black "Hakobyan, Yurik L"]
[Result "1-0"]
[WhiteElo "2321"]
[BlackElo "1524"]
[PlyCount "111"]
[EventDate "2017.06.21"]
[EventType "swiss"]
[EventRounds "9"]
[EventCountry "ARM"]
[SourceTitle "EXT 2018"]
[Source "ChessBase"]
[SourceDate "2017.10.13"]
[SourceVersion "1"]
[SourceVersionDate "2017.10.13"]
[SourceQuality "1"]

1. d4 d5 2. Bf4 Bf5 3. e3 e6 4. g4 Be4 5. f3 Bg6 6. h4 h6 7. h5 Bh7 8. Bd3 Bxd3 9. Qxd3 a6 10. Nc3 Bd6 11. Nge2 Nc6 12. 0-0-0 Nb4 13. Qd2 b5 14. e4 Bxf4 15. Nxf4 Ne7 16. Kb1 Qd7 17. Rhg1 f6 18. a3 Nbc6 19. Nxe6 Qxe6 20. exd5 Qd6 21. dxc6 Nxc6 22. Rge1+ Kf7 23. Qd3 Rhe8 24. Qg6+ Kf8 25. Ne4 Qf4 26. Nc5 Qd6 27. c3 Na5 28. Re4 Rxe4 29. fxe4 Nc4 30. e5 Nxe5 31. Qe4 Re8 32. Re1 Kg8 33. Nb7 Qd7 34. Qf5 Rb8 35. dxe5 Qxf5+ 36. gxf5 Rxb7 37. e6 Kf8 38. Rd1 c5 39. Rd5 c4 40. Rd6 Ra7 41. Rc6 Ke7 42. a4 Kd8 43. a5 Ke7 44. Ka2 Kd8 45. Ka3 Ke7 46. Kb4 Ra8 47. Kc5 Rd8 48. Rxa6 Rd2 49. Ra7+ Kf8 50. Rf7+ Kg8 51. a6 Rxb2 52. a7 Ra2 53. Rb7 Kh7 54. e7 b4 55. e8Q Rg2 56. Qg6+ 1-0

[Event "Yerevan Asrian Memorial 9th"]
[Site "Yerevan"]
[Date "2016.06.20"]
[Round "5"]
[White "Hakobyan, Yurik L"]
[Black "Golikov, Sergei"]
[Result "0-1"]
[WhiteElo "1544"]
[BlackElo "1774"]
[PlyCount "120"]
[EventDate "2016.06.16"]
[EventType "swiss"]
[EventRounds "9"]
[EventCountry "ARM"]
[SourceTitle "CBM 173 Extra"]
[Source "ChessBase"]
[SourceDate "2016.08.29"]
[SourceVersion "1"]
[SourceVersionDate "2016.08.29"]
[SourceQuality "1"]

1. e4 e6 2. d4 d5 3. Nc3 Nf6 4. Bg5 Be7 5. e5 Nfd7 6. Bxe7 Qxe7 7. Qg4 f6 8. Nf3 c5 9. Bb5 Nc6 10. Bd3 cxd4 11. Nb5 Ndxe5 12. Nxe5 Nxe5 13. Qxd4 a6 14. Qa4 Nxd3+ 15. cxd3 0-0 16. Nc3 Bd7 17. Qh4 Qf7 18. 0-0 e5 19. f4 Qe6 20. f5 Qb6+ 21. Rf2 Bc6 22. Re1 d4 23. Ne4 Bxe4 24. Rxe4 Rac8 25. g4 Rc1+ 26. Kg2 Rfc8 27. g5 R1c2 28. gxf6 Rxf2+ 29. Qxf2 Qxf6 30. h4 Rf8 31. Qe2 Qxf5 32. Rxe5 Qg6+ 33. Rg5 Qc6+ 34. Kh2 h6 35. Rg2 Qf6 36. Qe4 Qf4+ 37. Qxf4 Rxf4 38. Kg3 Rf1 39. Rd2 Kf7 40. Kg2 Re1 41. Kf2 Re3 42. Kg2 Kg6 43. Kf1 Kh5 44. Rg2 g6 45. b3 Rxd3 46. Ke1 Rh3 47. b4 Rxh4 48. a4 d3 49. Rb2 Rh1+ 50. Kd2 Rh2+ 51. Kc3 Rxb2 52. Kxb2 g5 53. Kc3 Kg4 54. Kxd3 Kf3 55. Kc4 g4 56. Kc5 g3 57. Kb6 g2 58. Kxb7 a5 59. b5 g1Q 60. Ka6 Qe1 0-1